Pokémon 8G - Anagrammes aléatoire - Statistiques

Statistiques générales
  • Ce quiz a été pris 50 fois
  • Le résultat moyen est 13 sur 20
Statistiques - réponses
Pokémon % Correct
Arrozard
100%
Bekaglaçon
100%
Bibichut
100%
Blancoton
100%
Charbi
100%
Crèmy
100%
Dunaja
100%
Galvagla
100%
Ixon
100%
Khélocrok
100%
Krakos
100%
Lapyro
100%
Moumouton
100%
Poulpaf
100%
Qwilpik
100%
Salarsen
100%
Shifours
100%
Sorcilence
100%
Torgamord
100%
Toxizap
100%
Verpom
100%
Voltoutou
100%
Wattapik
100%
Wimessir
100%
Wushours
100%
Pachyradjah
88%
Hexadron
83%
Polthégeist
83%
Regieleki
83%
Sylveroy
83%
Théffroi
83%
Coléodôme
80%
Fantyrm
80%
Morpeko
80%
Pomdrapi
80%
Galvagon
78%
Moumouflon
78%
Beldeneige
75%
Bleuseille
75%
Dolman
75%
Duralugon
75%
Farfurex
75%
Larméleon
75%
Lézargus
75%
Rongrigou
75%
Blizzeval
67%
Corayôme
67%
Hydragla
67%
Larvadar
67%
Minisange
67%
Tutétékri
67%
Zamazenta
67%
Amovénus
60%
Cerbyllin
60%
Charibari
60%
Lanssorien
60%
Regidrago
60%
Berserkatt
57%
Zacian
57%
Zarude
57%
Badabouin
50%
Chapotus
50%
Dratatin
50%
Dunaconda
50%
Fulgudog
50%
Gorythmic
50%
Hastacuda
50%
Pyrobut
50%
Rongourmand
50%
Wagomine
50%
Dispareptil
44%
Angoliath
40%
Hachécateur
40%
Scolocendre
40%
Ursaking
38%
Astronelle
33%
Paragruel
29%
Nigosier
25%
Palarticho
25%
Roublenard
25%
Tournicoton
25%
Charmilly
20%
Flambino
20%
Frissonille
20%
Goupilou
20%
M Glaquette
20%
Corvaillus
17%
éthernatos
17%
Ouistempo
17%
Monthracite
14%
Embrochet
0%
Fourbelin
0%
Grillepattes
0%
Grimalin
0%
Hydragon
0%
Spectreval
0%
Aucun quiz correspondant
Distribution des résultats
% des personnes avec chaque résultat
Percentile par nombre de réponses
Votre historique - résultats
Vous n’avez pas pris ce quiz